Statistics for English Opera Composers

Click here to take the quiz!

General Stats

  • This quiz has been taken 38 times
  • The average score is 6 of 14

Answer Stats

HintAnswer% Correct
Peter GrimesBenjamin Britten
82%
Porgy and BessGeorge Gershwin
82%
Dido and AeneasHenry Purcell
76%
Nixon in ChinaJohn Adams
65%
The MikadoArthur Sullivan
62%
CandideLeonard Bernstein
59%
Einstein on the BeachPhilip Glass
59%
The Rake's ProgressIgor Stravinsky
50%
TreemonishaScott Joplin
32%
Amahl and the Night VisitorsGian Carlo Menotti
26%
A Village Romeo and JulietFrederick Delius
24%
The Bohemian GirlMichael Balfe
6%
ArtaxerxesThomas Arne
6%
We Come to the RiverHans Werner Henze
3%

Score Distribution

Percentile by Number Answered

Percent of People with Each Score

Your Score History

You have not taken this quiz